000 00959nam0a22002411 4500
001 rc\2177454
005 20260408073825.0
035 _a(NLR Aleph) 006482604
090 _a6049338
_c6049338
100 _a20110829d1979 |||y0rusy50 ca
101 0 _arus
102 _aRU
105 _aa b |||||
200 1 _aИзоляторы фарфоровые для электронагревательных приборов
_e[Каталог]
_eВзамен 20.08.06-71
210 _aМосква
_cИнформэлектро
_d1979
215 _a7 с.
_cил.
_d30
225 1 _aИнформэлектро
_v20.08.06-78
_iЭлектротехника СССР
712 0 2 _aВНИИ информации и технико-экономических исследований в электротехнике
_9630538
_3RU\NLR\AUTH\8810064479
801 0 _aRU
_bNLR
_gpsbo
801 1 _aRU
_bELAR
_2rusmarc
852 _aNLR
_jПт 20/1-20.08.06-78
942 _cBOOK
980 _aNB